1715 1039 1785 1314 1100 1271 1142 1577 1829 1736 1319 1286 1216 1763 1789 1628 1796 1924 1195 1539 1533 1965 1192 1617 1410 1277 1103 1285 1232 1554 1419 1524 1849 1795 1687 1340 1144 1896 1846 1357 1865 1987 1196 1288 1318 1449 1024 1952 1421 1917 1080 1328 1561 1562 1736 1663 1553 1569 1920 1177 1700 1976 1600 1596 1674 1129 1770 1980 1682 1738 1460 1018 1049 1763 1445 1207 1567 1868 1109 1188 1977 1537 1777 1076 1058 1877 1215 1532 1484 1233 1234 1073 1623 1969 1405 1515 1475 1127 1569 BCNSPRNW ULIB Ver.6.0+V

เปลี่ยนเป็นภาษาไทย

Change to English
 แสดงรายละเอียดบรรณานุกรม
  กลับหน้าหลัก

Brief Record : Get Marc (ISO 2709) : E-mail record : QR code < ปิดหน้าต่าง
LEADER : 00000nam 2200000uu 4500
001    13399113306
003     ULIB
008    111006s2552||||th 000 0 tha d
020    9786115120529
050 04 TT873.2^bศ855ก 2552
100 0  เศรษฐพงศ์ อัปมะเย
245 10 การห่อขนมและอาหารด้วยใบตอง /^cเศรษฐพงศ์ อัปมะเย
250    พิมพ์ครั้งที่ 1
260    กรุงเทพฯ :^bวาดศิลป์,^c2552
300    64 หน้า :^bภาพประกอบ ;^c26 ซม
440  0 โครงการหนังสืออนุรักษ์และส่งเสริมศิลปวัฒนธรรมไทย
650  7 การประดิษฐ์ด้วยใบตอง
710 1  วาดศิลป์
945    ^p160^l0^i027682
995    ทศพร
999 ^a ทศพร
รายการนี้ยังไม่มีแท็ก
คุณยังไม่ได้ล็อกอิน คุณสามารถมีกิจกรรมร่วมกับเว็บไซต์ได้ แต่ต้องล็อกอินก่อน ::
  ล็อกอิน

รายการสื่อสารสนเทศ

ลำดับที่ ประเภท เลขเรียก/บาร์โค้ด สถานที่ สถานะ
- ไม่พบข้อมูล -

รายการใกล้เคียง
    ผู้แต่ง [เศรษฐพงศ์ อัปมะเย]

    หัวเรื่อง [การประดิษฐ์ด้วยใบตอง]

BibComment


ยังไม่เคยถูกคอมเมนท์

คอมเมนท์ทรัพยากรรายการนี้
  คอมเมนท์: การห่อขนมและอาหาร..


 Copyright 2026. Bcnsprnw @Library